| 000 | 01404cad a22002175a 4500 | ||
|---|---|---|---|
| 001 | L138534 | ||
| 008 | 070619s2007 xxk f f000 0 eng d | ||
| 035 | _a(Sirsi) u138534 | ||
| 041 | 0 | _aeng | |
| 050 | 0 | 4 | _a333.9164 $2 18 |
| 110 | 1 |
_aUnited Kingdom _bDepartment for Environment, Food and Rural Affairs |
|
| 245 | 0 | 0 |
_aConsultation on proposals to improve access to the English coast _h[electronic resource] |
| 260 |
_aLondon _bDEFRA _c2007 |
||
| 520 | _aMakes proposals based on Natural England's research into coastal access. Proposes to create a new approach to access, tailored to regional local coastlines. This should include statutory powers for Natural England to create a coastal corridor around the UK, creating and improving access where necessary. It is expected to cost £5m per year over 10 years. Infrastructure improvements would be carried out subject to planning regulations and local interests. There should be a working presumption against paying for public access to the coast. Responses are due by 11 September 2007. | ||
| 590 | _aKA NTK | ||
| 650 | 2 | 4 | _aCOUNTRYSIDE AND RIGHTS OF WAY ACT 2000 |
| 651 | 4 |
_aUnited Kingdom _y |
|
| 690 | _aPROPERTY-RURAL AND NATURAL ASSETS-RURAL AND NATURAL ASSET MANAGEMENT-COASTAL MANAGEMENT | ||
| 856 | 4 | 0 |
_uhttps://www.defra.gov.uk/corporate/consult/coast-access/index.htm _zView the item free of charge at www.defra.gov.uk... |
| 942 | _n0 | ||
| 999 |
_c107198 _d107198 |
||